000 01680cam a2200313 a 4500
001 81012
003 BD-RjUL
005 20221223193008.0
008 911004r19951984vau b 000 0 ara
020 _a156564011X (pbk.)
035 _a(BD-RjUL)81012
040 _aDLC
_cDLC
_dDLC
_beng
041 _aeng
082 _223
_a297.09
_bNAT 1995
100 1 _aNajjār, ʻAbd al-Majīd.النجار, عبد المجيد.
_96419
245 1 0 _aTajribat al-iṣlāḥ fī ḥarakat al-Mahdī ibn Tūmart :تجربة الإصلاح في حركة المهدي بن تومرت : الحركة الموحدية بالمغرب اوائل القرن السادس الهجري
_bal-ḥarakah al-Muwaḥḥidīyah bi-al-Maghrib awāʼil al-qarn al-sādis al-Hijrī /
_cʻAbd al-Majīd al-Najjār.
250 _aal-Ṭabʻah 2., Munaqqaḥah wa-mazīdah.
260 _aHīrindin, Fīrjīniyā :
_bal-Maʻhad al-ʻĀlamī lil-Fikr al-Islāmī,
_c1995.
300 _a152 p. ;
_c23 cm.
500 _aOriginally published: Tajribat al-taghyīr fī ḥarakat al-Mahdī ibn Tūmart. 1984.
504 _aIncludes bibliographical references (p. 143-147).
600 1 0 _aIbn Tūmart, Muḥammad,
_d-approximately 1130.
_96421
650 0 _aAlmohades
_xHistory.
_96422
650 0 _aIslam
_xDoctrines
_xHistory.
_96423
650 0 _aIslam
_zAfrica, North
_xHistory.
_96424
942 _2ddc
_cBK
999 _c81012
_d81012